000 00929nam a22002777a 4500
001 BR7400475
003 BR-BrBNA
005 20230928084518.0
007 ta
008 230509b bl.||||| |||| 00| 0 por d
040 _aBR-BrBNA
_bpor
_cBiblioteca Nacional de Agricultura
041 _a(Eng)
072 _aE50; C00
_b/G514
090 _ E50 BR7400475
100 1 _aPulschen, R.E.
110 1 _aUniversity of Wisconsin (USA)
_0Tese (Master of Science)
_911340
245 1 _aEffects of literacy, informal leadership and gatekeeping on diffusion of printed messages, A field experimenton persuasive mass communication strategies in rural Brazil [Comunicacao de massa; Lideranca]
260 3 _aWisconsin (USA):
_c1968.
300 _a197 p.
500 _a14 ref.; Summary (Eng)
650 _aSociologia rural
650 _aEducacao
650 _aComunidade rural
909 _a202309
_bLucia
_c55
_dLucia Elande
942 _cBK
999 _c19453
_d19453